Statistiques concernant Ajoute une lettre - Créer un Etat des U.S.

Cliquez ici pour prendre le quiz!

Statistiques générales

  • Ce quiz a été pris 97 fois
  • Le résultat moyen est 36 sur 50

Statistiques - réponses

LettresEtat% Correct
seatTexas
99%
mowingWyoming
95%
hoiOhio
94%
hutUtah
94%
ohdaIdaho
87%
psipismissMississippi
87%
neeryeswNew Jersey
87%
sankaKansas
86%
nameMaine
85%
sansaraArkansas
83%
goiregGéorgie
82%
lanayrdMaryland
81%
scionwinWisconsin
81%
ambaaaAlabama
80%
gonerOregon
80%
kasalAlaska
79%
waoIowa
79%
reknowNew York
79%
pannesvinyPennsylvanie
79%
teckkyuKentucky
77%
ashatescmutsMassachusetts
77%
vanedNevada
76%
mentorVermont
76%
citentconcConnecticut
75%
ihaaHawaï
75%
neneesteTennessee
75%
rodalcoColorado
73%
chimingMichigan
73%
avoeequeuxnimNouveau-Mexique
71%
dusdodukaaDakota du Sud
69%
leewardDelaware
69%
sililioIllinois
69%
hmarneswhipNew Hampshire
69%
moahaloOklahoma
69%
decoiceraientvigilVirginie-Occidentale
69%
tomnnaMontana
68%
simiousMissouri
67%
anonwhistWashington
67%
girieviVirginie
64%
dinianIndiana
63%
folierFloride
61%
akandordoduDakota du Nord
60%
razoaiArizona
58%
cordraidonnulCaroline du Nord
58%
nominateMinnesota
57%
dedironsculaCaroline du Sud
51%
bankersNebraska
51%
econiflaiCalifornie
45%
isolaiueLouisiane
45%
dardonhileRhode Island
31%

Distribution des résultats

Percentile par nombre de réponses

% des personnes avec chaque résultat

Votre développement - résultats

Vous n’avez pas pris ce quiz